| 000 | 004100000a22001810004500 | ||
|---|---|---|---|
| 003 | LK-CoMWRAF | ||
| 005 | 20231013130540.0 | ||
| 008 | 230817t ||||| |||| 00| 0 eng d | ||
| 040 |
_aLK-CoMWRAF _dLK-CoMWRAF _eLK-CoMWRAF |
||
| 041 | _aeng | ||
| 082 |
_a297 _bALK |
||
| 100 | _aAlkhuli, Muhammad Ali | ||
| 245 | _aThe Need for Islam | ||
| 260 | _c1981 | ||
| 300 | _a107p | ||
| 650 | _aIslam | ||
| 942 | _cBK | ||
| 999 |
_c1812 _d1812 |
||